000 00468nam a2200145 a 4500
001 000027749
005 20200930031050.0
008 110404s1994 dr r 000 0 spa d
040 _aDO-SdBNP
_bspa
_cBNPHU
082 _axxxx
_bxxxx
245 0 0 _aSan Cristóbal y su historia.
260 _aSanto Domingo :
_bBanco Central de la República Dominicana,
_c1994.
300 _a278 p. ;
_c24 cm.
500 _aIncluye referencias bibliográficas y notas al pie de las páginas
999 _c27241
_d27241